| 000 | 00372nam a2200145Ia 4500 | ||
|---|---|---|---|
| 008 | 150201s2005 xx 000 0 und d | ||
| 082 |
_a617.695 _bP2007N |
||
| 100 | _aNALLASWAMY, DEEPAK | ||
| 245 | _aTEXT BOOK OF PROSTHODONTICS | ||
| 250 | _a1ST | ||
| 260 |
_bJAYPEE MEDICAL PUBLISHER _aDELHI _c2005 |
||
| 300 | _a1-844 | ||
| 650 | _aPROSTHODONTICS | ||
| 942 |
_2ddc _cBK _045 |
||
| 999 |
_c3519 _d3519 |
||